Programmed Math: (Record no. 180176)

000 -LEADER
fixed length control field 00477 a2200169 4500
003 - CONTROL NUMBER IDENTIFIER
control field Nust
005 - DATE AND TIME OF LATEST TRANSACTION
control field 20221104144729.0
040 ## - CATALOGING SOURCE
Transcribing agency Nust
082 ## - DEWEY DECIMAL CLASSIFICATION NUMBER
Classification number 510,SUL
100 ## - MAIN ENTRY--PERSONAL NAME
Personal name Sullivan, Doyle Marjori
9 (RLIN) 102388
245 ## - TITLE STATEMENT
Title Programmed Math:
Remainder of title A Sullivan Associates Program, Book 2 /
Statement of responsibility, etc. Marjori Doyle Sullivan
250 ## - EDITION STATEMENT
Edition statement Advanced edition
260 ## - PUBLICATION, DISTRIBUTION, ETC.
Place of publication, distribution, etc. Calfornia
Name of publisher, distributor, etc. State Series
Date of publication, distribution, etc. 1968
300 ## - PHYSICAL DESCRIPTION
Extent 49: p
650 ## - SUBJECT ADDED ENTRY--TOPICAL TERM
Topical term or geographic name entry element Programmed Mathematics
9 (RLIN) 102389
942 ## - ADDED ENTRY ELEMENTS (KOHA)
Source of classification or shelving scheme
Koha item type Book
Call number prefix 510,SUL
Holdings
Withdrawn status Lost status Source of classification or shelving scheme Damaged status Not for loan Permanent Location Current Location Shelving location Date acquired Full call number Barcode Date last seen Price effective from Koha item type Public note Collection code Total Checkouts
          Military College of Signals (MCS) Military College of Signals (MCS) General Stacks 12/12/2016 510,SUL MCS22545 12/08/2016 12/12/2016 Book Almirah No.10, Shelf No.2    
          Military College of Signals (MCS) Military College of Signals (MCS)   12/12/2016 510 SUL MCS7564 12/08/2016 12/12/2016 Book      
© 2023 Central Library, National University of Sciences and Technology. All Rights Reserved.